000 00923nam a22002897i 4500
003 EG-ScBUE
005 20221218092759.0
008 090209s2006 enka f b 001 0 eng d
020 _a9781856694544 (hbk.)
020 _a1856694542 (hbk.)
040 _aEG-ScBUE
_beng
_erda
_cEG-ScBUE
_dEG-ScBUE
082 0 4 _222
_a728.31
_bFRE
100 1 _92072
_aFrench, Hilary,
_eauthor.
245 1 0 _aNew urban housing /
_cHilary French.
264 1 _aLondon :
_bLaurence King,
_c2006.
300 _a192 pages :
_billustrations (chiefly color) ;
_c30 cm
336 _2rdacontent
_atext
_btxt
337 _2rdamedia
_aunmediated
_bn
338 _2rdacarrier
_avolume
_bnc
504 _aIncludes bibliographical references and index.
650 7 _91892
_aArchitecture, Domestic.
_2BUEsh
650 7 _91884
_aCity planning.
_2BUEsh
650 7 _92073
_aHousing.
_2BUEsh
653 _bENGARC
655 _vReading book
942 _2ddc
_cBB
999 _c10779
_d10779